| 000 | 00635nam a22001817a 4500 | ||
|---|---|---|---|
| 003 | OSt | ||
| 005 | 20240625152505.0 | ||
| 008 | 240625b ||||| |||| 00| 0 eng d | ||
| 040 | _cAIMIT LIBRARY | ||
| 100 |
_aDsouza, Rynal Levin. _e2116148 _9171657 |
||
| 245 |
_aStudy on the tax literacy among salaried individuals in Mangalore / _cBy Rynal Levin Dsouza ; Guided by Beena Dias. |
||
| 260 |
_aMangalore ; _c2023. |
||
| 650 |
_aLiterature review objectives and conceptual framework _9171658 |
||
| 650 |
_aResearch methodology _9171659 |
||
| 700 |
_aDias, Beena. _eGuide _9171660 |
||
| 856 | _3Naveen Kumar K and Co | ||
| 942 |
_2ddc _cPRO |
||
| 999 |
_c231320 _d231320 |
||